Forever Fairies; (Record no. 209673)

MARC details
000 -LEADER
fixed length control field 00727nam a22001937a 4500
005 - DATE AND TIME OF LATEST TRANSACTION
control field 20250916141913.0
010 ## - LCCN (DPL NO)
LC control number B-775285-298 20BACCHEN25
020 ## - INTERNATIONAL STANDARD BOOK NUMBER
International Standard Book Number 9789354718830
Terms of availability 299.00
035 ## - SYSTEM CONTROL NUMBER
System control number B-775285-298
037 ## - SOURCE OF ACQUISITION
Source of stock number/acquisition Scholastic India Pvt.Ltd
082 ## - DEWEY DECIMAL CLASSIFICATION NUMBER
Classification number S
100 ## - MAIN ENTRY--PERSONAL NAME
Personal name Mara Maddy
245 ## - TITLE STATEMENT
Title Forever Fairies;
Remainder of title Lulu Flutters/
Statement of responsibility, etc Maddy Mara
Medium English
260 ## - PUBLICATION, DISTRIBUTION, ETC. (IMPRINT)
Date of publication, distribution, etc 2024
300 ## - PHYSICAL DESCRIPTION
Extent 116 p.
Dimensions 18 cm.(pd)
700 ## - ADDED ENTRY--PERSONAL NAME
Personal name Swami chetanananda
9 (RLIN) 76691
942 ## - ADDED ENTRY ELEMENTS (KOHA)
Source of classification or shelving scheme Dewey Decimal Classification
Item type Children Books
Classification part S
Call number suffix MAR
Holdings
Withdrawn status Lost status Not for loan Collection code Home library Current library Date acquired Source of acquisition Cost, normal purchase price Full call number Barcode Copy number Cost, replacement price Koha item type
      Fiction Ashok Vihar Ashok Vihar 16/09/2025 Scholastic/LB-Q-00406HQ/27.3.25/209/21.3.25/27.3.25 299.00 S MAR B-775288 1 299.00 Children Books
      Fiction Bagh Kadhe Khan Bagh Kadhe Khan 16/09/2025 Scholastic/LB-Q-00406HQ/27.3.25/209/21.3.25/27.3.25 299.00 S MAR B-775293 1 299.00 Children Books
      Fiction Bawana Bawana 16/09/2025 Scholastic/LB-Q-00406HQ/27.3.25/209/21.3.25/27.3.25 299.00 S MAR B-775295 1 299.00 Children Books
      Fiction Central Library Central Library 16/09/2025 Scholastic/LB-Q-00406HQ/27.3.25/209/21.3.25/27.3.25 299.00 S MAR B-775285 1 299.00 Children Books
      Fiction Janak Puri Janak Puri 16/09/2025 Scholastic/LB-Q-00406HQ/27.3.25/209/21.3.25/27.3.25 299.00 S MAR B-775290 1 299.00 Children Books
      Fiction Mobile Library Mobile Library 16/09/2025 Scholastic/LB-Q-00406HQ/27.3.25/209/21.3.25/27.3.25 299.00 S MAR B-775286 2 299.00 Children Books
      Fiction Mobile Library Mobile Library 16/09/2025 Scholastic/LB-Q-00406HQ/27.3.25/209/21.3.25/27.3.25 299.00 S MAR B-775287 2 299.00 Children Books
      Fiction Narela Narela 16/09/2025 Scholastic/LB-Q-00406HQ/27.3.25/209/21.3.25/27.3.25 299.00 S MAR B-775294 1 299.00 Children Books
      Fiction New Rohtak Road New Rohtak Road 16/09/2025 Scholastic/LB-Q-00406HQ/27.3.25/209/21.3.25/27.3.25 299.00 S MAR B-775292 1 299.00 Children Books
      Fiction Patel Nagar Patel Nagar 16/09/2025 Scholastic/LB-Q-00406HQ/27.3.25/209/21.3.25/27.3.25 299.00 S MAR B-775289 1 299.00 Children Books
      Fiction Sarojini Nagar Sarojini Nagar 16/09/2025 Scholastic/LB-Q-00406HQ/27.3.25/209/21.3.25/27.3.25 299.00 S MAR B-775291 1 299.00 Children Books
      Fiction Shahdara Branch Shahdara Branch 16/09/2025 Scholastic/LB-Q-00406HQ/27.3.25/209/21.3.25/27.3.25 299.00 S MAR B-775296 1 299.00 Children Books
      Fiction Vigyan Vihar Vigyan Vihar 16/09/2025 Scholastic/LB-Q-00406HQ/27.3.25/209/21.3.25/27.3.25 299.00 S MAR B-775298 1 299.00 Children Books
      Fiction Yojana Vihar Yojana Vihar 16/09/2025 Scholastic/LB-Q-00406HQ/27.3.25/209/21.3.25/27.3.25 299.00 S MAR B-775297 1 299.00 Children Books

© Delhi Public Library
Hit Counter
free hit counter